ARRUPE JESUIT UNIVERSITY

CORONAVIRUS -STOP THE SPREAD - CLEAN,DISINFECT,COVER

Luganda proverbs / (Record no. 129677)

MARC details
000 -LEADER
fixed length control field 00795cam a2200265 a 4500
001 - CONTROL NUMBER
control field 2345323
003 - CONTROL NUMBER IDENTIFIER
control field ARRUPE
005 - DATE AND TIME OF LATEST TRANSACTION
control field 20190603120015.0
008 - FIXED-LENGTH DATA ELEMENTS--GENERAL INFORMATION
fixed length control field 830722s1982 gw 001 0 eng
010 ## - LIBRARY OF CONGRESS CONTROL NUMBER
LC control number 82229151
020 ## - INTERNATIONAL STANDARD BOOK NUMBER
International Standard Book Number 3496001860 (pbk.) :
Terms of availability DM65.00
040 ## - CATALOGING SOURCE
Original cataloging agency DLC
Transcribing agency DLC
Modifying agency DLC
041 0# - LANGUAGE CODE
Language code of text/sound track or separate title englug
043 ## - GEOGRAPHIC AREA CODE
Geographic area code f-ug---
050 00 - LIBRARY OF CONGRESS CALL NUMBER
Classification number PN6519.G25
Item number W34 1984
082 00 - DEWEY DECIMAL CLASSIFICATION NUMBER
Classification number 398/.9/963
Edition number 19
300 ## - PHYSICAL DESCRIPTION
Dimensions 24 cm.
100 1# - MAIN ENTRY--PERSONAL NAME
Personal name Walser, Ferdinand,
Dates associated with a name 1891-1980.
9 (RLIN) 46586
245 10 - TITLE STATEMENT
Title Luganda proverbs /
Statement of responsibility, etc Ferdinand Walser.
260 ## - PUBLICATION, DISTRIBUTION, ETC. (IMPRINT)
Place of publication, distribution, etc kampala :
Name of publisher, distributor, etc Mill Hill Missionaries,
Date of publication, distribution, etc c1984.
300 ## - PHYSICAL DESCRIPTION
Extent ix, 510 p. ;
440 #0 - SERIES STATEMENT/ADDED ENTRY--TITLE
Title Beiträge zur Kulturanthropologie
9 (RLIN) 46587
500 ## - GENERAL NOTE
General note Includes index.
650 #0 - SUBJECT ADDED ENTRY--TOPICAL TERM
Topical term or geographic name as entry element Proverbs, Ganda.
9 (RLIN) 46588
906 ## - LOCAL DATA ELEMENT F, LDF (RLIN)
a 7
b cbc
c orignew
d 3
e ncip
f 19
g y-gencatlg
942 ## - ADDED ENTRY ELEMENTS (KOHA)
Source of classification or shelving scheme Library of Congress Classification
Koha item type Monograph ( Printed materials)
Holdings
Withdrawn status Lost status Source of classification or shelving scheme Damaged status Not for loan Collection code Home library Current library Shelving location Date acquired Total Checkouts Full call number Barcode Date last seen Price effective from Koha item type
    Library of Congress Classification     Main Collection ARRUPE LIBRARY ARRUPE LIBRARY Main Collection 03/06/2019   PN6519.G25 W34 1984 46600004896 03/06/2019 03/06/2019 Monograph ( Printed materials)

 

Arrupe Library. PO Box MP320 Mt Pleasant, Harare, Zimbabwe
263 242 745411|librarian@aju.ac.zw